Lost Art:Growth Development and Decline of Woodcut Prints in Calcutta/ (Record no. 189966)

MARC details
000 -LEADER
fixed length control field 00613nam a22001937a 4500
005 - DATE AND TIME OF LATEST TRANSACTION
control field 20220715105447.0
010 ## - LCCN (DPL NO)
LC control number ENG-133596
020 ## - INTERNATIONAL STANDARD BOOK NUMBER
International Standard Book Number 9788192960500
Terms of availability 595.00
035 ## - SYSTEM CONTROL NUMBER
System control number EN-117128
037 ## - SOURCE OF ACQUISITION
Source of stock number/acquisition DBAD/PUB
082 ## - DEWEY DECIMAL CLASSIFICATION NUMBER
Classification number 769.954147
100 ## - MAIN ENTRY--PERSONAL NAME
Personal name Mukherjee,Basupurna
245 ## - TITLE STATEMENT
Title Lost Art:Growth Development and Decline of Woodcut Prints in Calcutta/
Statement of responsibility, etc by Basupurna Mukherjee
260 ## - PUBLICATION, DISTRIBUTION, ETC. (IMPRINT)
Place of publication, distribution, etc Kolkata
Name of publisher, distributor, etc Sreejoni
Date of publication, distribution, etc 2017
270 ## - ADDRESS
Address 170/144,N.S.C.Bose Road,
City Kolkata
Postal code 700040
300 ## - PHYSICAL DESCRIPTION
Extent xvii;106p.:
Dimensions 25cm(Hb)
Other physical details ill.
700 ## - ADDED ENTRY--PERSONAL NAME
Personal name Rajesh Rajamohan
942 ## - ADDED ENTRY ELEMENTS (KOHA)
Source of classification or shelving scheme Dewey Decimal Classification
Item type English Books
Classification part 769.954147
Call number suffix MUK
Holdings
Withdrawn status Lost status Not for loan Collection code Home library Current library Date acquired Source of acquisition Cost, normal purchase price Full call number Barcode Copy number Cost, replacement price Koha item type
      Non-fiction Ashok Vihar Ashok Vihar 15/07/2022 DBAD/PUB 595.00 769.954147 MUK EN-117128 1 595.00 English Books

© Delhi Public Library
Hit Counter
free hit counter